De ajena cosecha (Record no. 103534)

MARC details
000 -LEADER
campo de control de longitud fija 01557nam a2200325 i 4500
001 - NÚMERO DE CONTROL
campo de control 103534
003 - IDENTIFICADOR DE NÚMERO DE CONTROL
campo de control ES-MaACL
005 - FECHA Y HORA DE LA ÚLTIMA TRANSACCIÓN
campo de control 20251009185225.0
007 - CAMPO FIJO DE DESCRIPCIÓN FÍSICA--INFORMACIÓN GENERAL
campo de control de longitud fija t|
008 - DATOS DE LONGITUD FIJA--INFORMACIÓN GENERAL
campo de control de longitud fija 060328s1904 sp |||| | spa d
245 00 - MENCIÓN DEL TÍTULO
Título De ajena cosecha
Resto del título : colección de traducciones /
Mención de responsabilidad, etc. por José A. Rodríguez García.
250 ## - MENCION DE EDICION
Mención de edición 3ª ed.
260 ## - PUBLICACIÓN, DISTRIBUCIÓN, ETC.
Lugar de publicación, distribución, etc. Madrid :
Nombre del editor, distribuidor, etc. Librería de Fernando Fé,
Fecha de publicación, distribución, etc. 1904.
300 ## - DESCRIPCIÓN FÍSICA
Extensión 259 p. ;
Dimensiones 21 cm.
505 8# - NOTA DE CONTENIDO CON FORMATO
Nota de contenido con formato Contiene: Cuento de Pascuas / por Andrés Theuriet. Las dos margaritas / por Catulo Mendes. El aderezo / por G. de Maupassant. Un hidalgo polaco / A. D'Albanés y Jorge Fath (versión libre). Un baile de mascaras / por A. Dumas. La mosca / por Cristobal Schmid. Cherubino y Celistini / por Alejandro Dumas (P.). El portador de la bolsita : novela india / de Natesa Sastri. El robo de las torres de Nuestra Señora / por Gaston Lebre
700 1# - ENTRADA AGREGADA--NOMBRE PERSONAL
Nombre de persona Rodríguez García, José Antonio,
Fechas asociadas al nombre 1864-1934
9 (RLIN) 98540
700 1# - ENTRADA AGREGADA--NOMBRE PERSONAL
Nombre de persona Theuriet, André.
9 (RLIN) 109911
700 1# - ENTRADA AGREGADA--NOMBRE PERSONAL
Nombre de persona Mendès, Catulle.
9 (RLIN) 80102
700 1# - ENTRADA AGREGADA--NOMBRE PERSONAL
Nombre de persona Maupassant, Guy de,
Fechas asociadas al nombre 1850-1893
9 (RLIN) 79214
700 1# - ENTRADA AGREGADA--NOMBRE PERSONAL
Nombre de persona Havard, Jean-Alexandre.
9 (RLIN) 62139
700 1# - ENTRADA AGREGADA--NOMBRE PERSONAL
Nombre de persona Fath, Georges.
9 (RLIN) 48928
700 1# - ENTRADA AGREGADA--NOMBRE PERSONAL
Nombre de persona Dumas, Alexandre,
Fechas asociadas al nombre 1824-1895
9 (RLIN) 241136
Término indicativo de función/relación Autor
700 1# - ENTRADA AGREGADA--NOMBRE PERSONAL
Nombre de persona Schmid, Christoph von,
Fechas asociadas al nombre 1768-1854
9 (RLIN) 104449
700 1# - ENTRADA AGREGADA--NOMBRE PERSONAL
Nombre de persona Dumas, Alexandre,
Fechas asociadas al nombre 1802-1870
Término indicativo de función/relación Autor
9 (RLIN) 241135
700 1# - ENTRADA AGREGADA--NOMBRE PERSONAL
Nombre de persona Sastri, N. Aiyaswami.
9 (RLIN) 103936
700 1# - ENTRADA AGREGADA--NOMBRE PERSONAL
Nombre de persona Lèbre, Gaston.
9 (RLIN) 71031
852 ## - LOCALIZACIÓN
Ubicación ES-MaACL
Número de control de estantería T-1058-F-6
Nota libre - Enc. en un vol. facticio conservando cub. original
942 ## - ELEMENTOS DE ENTRADA SECUNDARIOS (KOHA)
Fuente del sistema de clasificación o colocación Clasificación decimal universal
Holdings
Estatus retirado Estado de pérdida Fuente del sistema de clasificación o colocación Estado de daño No para préstamo Colección Biblioteca de origen Biblioteca actual Ubicación en estantería Fecha de adquisición Total de préstamos Signatura topográfica completa Código de barras Visto por última vez Precio de reemplazo Tipo de ítem Koha
    Clasificación decimal universal     Colección de folletos Biblioteca del Ateneo de Madrid Biblioteca del Ateneo de Madrid Depósito folletos 17/01/2008   T-1058-F-6 1108101 23/02/2023 23/02/2023 Folleto